LEADER 01048nam a2200265 i 4500 001 000000152283 003 CaOOAMICUS 005 20060801000000.0 008 060801s1983 it u000 u ita u 013 $a129624 040 $aSeMil$bita 100 1 $aLonganesi, Leo,$d<1905-1957>.$0(OLS)http://semarc/name/5666 245 10$aParliamo dell'elefante :$b(frammenti di un diario) /$cdi Leo Longanesi. 260 $aMilano :$bLonganesi & C.,$c1983. 300 $a193 p. ;$c21 cm. 490 0 $aLa gaja scienza ;$v71 500 $aFondo Ciprandi. 650 4$aLonganesi, Leo - Diari - 1938-1946.$0(OLS)http://semarc/subject/29737 830 3$aLa gaja scienza ;$v71.$0(OLS)http://semarc/title/1166 850 $aSeMil 852 $aSeMil$W1$xVenegono$y1$m1D V 141$j104242$B104242$CSeMilBibl$Z2$F113279 $81 941 1 $a1 961 $aOmaggio: Ciprandi dott. Paolo 996 $6245$aParliamo dell'elefante :$b(frammenti di un diario)$9(OLS)http://semarc/title/222636 996 $6260$aMilano :$bLonganesi & C.$9(OLS)http://semarc/publisher/31590 LEADER 00754naa a2200145 i 4500 001 000000318210 003 CaOOAMICUS 005 20180831173243.0 008 180831n xx u000 u fre u 013 $a27524 040 $aSeMil$bita 100 1 $aPapini, Roberto <1938-2018>.$0(OLS)http://semarc/name/90882 245 10$aMondialisation et pauvrete dans le magistere social de l'eglise. 773 0 $aColloquium on: Globalisation and inequalities <2002>$tProceedings of the Colloquium on: Globalisation and inequalities.$dVatican City : Pontificia Academia Scientiarum, 2002.$kPontificiae academiae scientiarum miscellanea$z88-86726-13-9$gp.160-174$w()113524 996 $6245$aMondialisation et pauvrete dans le magistere social de l'eglise$9(OLS)http://semarc/title/392103